Príprava a realizácia investičnej výstavby

Na minha lista:
Detalhes bibliográficos
Autor principal: Mutiš, Andrej
Autor Corporativo: Vysoká škola ekonomická v Bratislave. Národohospodárska fakulta
Outros Autores: Vorlíčková, Jana
Formato: Livro
Idioma:eslovaco
Publicado em: Bratislava VŠE 1988
Edição:1. vyd.
Tags: Adicionar Tag
Sem tags, seja o primeiro a adicionar uma tag!

MARC

LEADER 00000nam a2200000 4500
001 c027201
005 20230116121526.6
041 0 |a slo 
044 |a SK 
245 1 0 |a Príprava a realizácia investičnej výstavby  |c Andrej Mutiš, Jana Vorlíčková 
250 |a 1. vyd. 
264 1 |a Bratislava  |b VŠE  |c 1988 
300 |a 179 s. 
100 1 |a Mutiš, Andrej 
700 1 |a Vorlíčková, Jana 
710 2 |a Vysoká škola ekonomická v Bratislave. Národohospodárska fakulta